000 02125nam a2200349 c 4500
001 59639
003 CO-BoRNBP
005 20251024212458.0
007 ta
008 250202s2024 ck a ||gr ||| 00| 0 spa d
020 _a9789585084599
040 _aCO-BoRNBP
_bspa
_erda
_cCO-BoRNBP
041 0 _aspa
043 _acl-----
082 0 4 _a338.98
_bB27e
_223
100 _aBerghe Romero, Edgar van den
_eaut
_966155
245 1 0 _aEconomía empresarial creativa e innovadora :
_bpiensa diferente, piense creativo, piense innovador /
_cEdgar Van Den Berghe Romero.
250 _aEdición especial
264 1 _aBogotá, Colombia :
_bEcoe Ediciones,
_c2024
300 _axix, 178 páginas :
_bilustraciones en blanco y negro
336 _atexto
_btxt
_2rdacontent
337 _asin mediación
_bn
_2rdamedia
338 _avolumen
_bnc
_2rdacarrier
504 _aIncluye bibliografía e índice temático
520 _aEl libro describe qué es la economía creativa, de moda en Latinoamérica y en el mundo entero, con una tendencia infinita a su aplicación; qué debemos hacer y cómo hacer para crearla, investigarla, desarrollarla e implementarla para ser más competitivos internacionalmente. Incluye la economía creativa en la época de crisis originada por la pandemia de COVID-19 y su relevancia para la recuperación económica latinoamericana. Explica la importancia de la economía creativa para las personas, las empresas y los países. Además, contiene ejemplos de empresas pequeñas, medianas y grandes que han aplicado los principios básicos de la economía creativa, como son la creatividad y la innovación, con excelentes resultados en el contexto nacional e internacional. Al final, ofrece los elementos para que el lector cree su propia empresa creativa e innovadora
521 _aRecomendado para un público mayor de 18 años
545 _aIncluye datos biográficos del autor
650 0 7 _aAptitud creadora en los negocios
_zAmérica Latina
_2LEMB
_966156
650 0 0 _aEconomía de la cultura
_zAmérica Latina
_2LEMB
_966157
650 0 7 _aInnovaciones industriales
_2lemb
_966158
942 _2ddc
_cBK
999 _c59639
_d59639